Postavenie a úlohy jednotlivých orgánov pri tvorbe a realizácii hospodárskych plánov v podnikoch a organizáciach hospodárstva národných výborov záverečná práca postgraduálneho štúdia

Salvato in:
Dettagli Bibliografici
Autore principale: Krivá, Daniela
Ente Autore: Vysoká škola ekonomická v Bratislave
Altri autori: Benčo, Jozef
Natura: Libro
Lingua:slovacco
Pubblicazione: Bratislava 1990
Tags: Aggiungi Tag
Nessun Tag, puoi essere il primo ad aggiungerne!!

MARC

LEADER 00000nam a2200000 4500
001 c034891
005 20221215071147.4
041 0 |a slo 
044 |a SK 
245 1 0 |a Postavenie a úlohy jednotlivých orgánov pri tvorbe a realizácii hospodárskych plánov v podnikoch a organizáciach hospodárstva národných výborov  |b záverečná práca postgraduálneho štúdia  |c Daniela Krivá ; Ved. práce Jozef Benčo 
264 1 |a Bratislava  |c 1990 
300 |a 43 s. 
100 1 |a Krivá, Daniela 
700 1 |a Benčo, Jozef 
710 2 |a Vysoká škola ekonomická v Bratislave